000 00368nam a22001457a 4500
999 _c2846
_d2846
008 200317b ||||| |||| 00| 0 eng d
082 0 0 _a697.7
_bS8221
100 _92450
_aSteiner, Kalman.
245 1 0 _aOil burners
_cby Kalman. Steiner
260 _aNew York
_bMcGraw-Hill
_c1950
300 _axx,502 p.
365 _d36.12
650 0 _aPetroleum as Fuel
942 _cBK